| 000 | 00515nam a22001577a 4500 | ||
|---|---|---|---|
| 999 |
_c525238 _d525238 |
||
| 003 | NUST | ||
| 038 | _aMr.Zahoor | ||
| 082 | _a620.1 | ||
| 100 |
_a Sarfraz ,Muhammad Sajid _915983 |
||
| 245 |
_aComputational Analysis of Energy Harvesting Potentials of Flow - Induced Vibrations for Power Generators / _cMuhammad Sajid Sarfraz |
||
| 260 |
_aIslamabad : _bCEME - NUST, _c2018. |
||
| 300 |
_axv, 99 p. : ill. ; _c30cm. |
||
| 500 | _aHardcover. | ||
| 600 | _2Mechanical Engineering - MS Thesis. | ||
| 942 |
_2ddc _cTHE |
||